| 000 | 00451nam a2200193Ia 4500 | ||
|---|---|---|---|
| 008 | 210210b1913 xxu||||| |||| 00| 0 eng d | ||
| 041 | _aeng | ||
| 082 | _a425/341 | ||
| 100 | _aWRIGHT | ||
| 245 | _aRustic speech and folklore | ||
| 260 |
_aLondon _bOxford University Press _c1913 |
||
| 650 | _aspeech | ||
| 650 | _aRustic | ||
| 650 | _afolklore | ||
| 650 | _aand | ||
| 690 | _aEnglish Speeches | ||
| 700 | _aELIZABETH (M) | ||
| 906 | _a006117 | ||
| 999 |
_c129182 _d129182 |
||